| 000 | 01805nam0a2200337 4500 | ||
|---|---|---|---|
| 001 | RU\NLR\bibl\1211104 | ||
| 005 | 20260407162323.0 | ||
| 010 |
_a978-5901-562-69-7 _91000 |
||
| 021 |
_aRU _b2008-10720 _9591 |
||
| 035 | _a(NLR Aleph) 001197529 | ||
| 090 |
_a1756434 _c1756434 |
||
| 100 | _a20080404d2007 |||y0rusy50 ca | ||
| 101 | 0 | _arus | |
| 102 | _aRU | ||
| 105 | _aa ||||||||| | ||
| 200 | 1 |
_aМетрологический справочник _e(для адвокатов и судебных экспертов) _fС.-Петерб. центр Всемир. науч. ассоц., Междунар. НИИ взрывологии (МНИИВЗ ВНА) _g[Гальцев Юрий Викторович и др. _gпод ред. Рябинина Г.А.] |
|
| 210 |
_aСанкт-Петербург _cДНК _d2007 |
||
| 215 |
_a320, [8] с. _cил. _d21 |
||
| 300 | _aНа обл. подзаг.: Для судебных экспертов и адвокатов | ||
| 313 | _aсоцэк ознакомлен | ||
| 320 | _aБиблиогр.: с. 318-320 (63 назв.) | ||
| 606 | 1 |
_aМетрология _jСправочники _9887859 _3RU\NLR\auth\66298 |
|
| 686 | _aЖ10я22 | ||
| 702 | 1 |
_4220 _8rus _7ca _aГальцев _bЮ. В. _cд-р естеств. наук, канд. мед. наук _f1939- _gЮрий Викторович _3RU\NLR\AUTH\7777976 _960904 |
|
| 702 | 1 |
_4340 _8rus _7ca _aРябинин _bГ. А. _f1953- _gГеоргий Александрович _3RU\NLR\auth\7754597 _937529 |
|
| 712 | 0 | 2 |
_4570 _aВсемирная научная ассоциация _bСанкт-Петербургский центр _3RU\NLR\AUTH\8810100669 _9702359 |
| 801 | 0 |
_aRU _bNLR _c20080404 _gRCR |
|
| 801 | 1 |
_aRU _bNLR _c20080404 |
|
| 942 | _cBOOK | ||
| 980 | _aNB | ||